Returning to Prison: Special Report November 1984

Gespeichert in:  
Bibliographische Detailangaben
1. VerfasserIn: Wallerstedt, John F. (Verfasst von)
Körperschaft: Bureau of Justice Statistics (BeteiligteR)
Medienart: Druck Buch
Sprache:Deutsch
Veröffentlicht: Washington 1984
In:Jahr: 1984
Verfügbarkeit prüfen: HBZ Gateway
Subito Bestelldienst: Jetzt bestellen.
Schlagwörter:

MARC

LEADER 00000cam a22000002c 4500
001 1522019278
003 DE-627
005 20220603164552.0
007 tu
008 151116s1984 xx ||||| 00| ||ger c
035 |a (DE-627)1522019278 
035 |a (DE-576)452019273 
035 |a (DE-599)BSZ452019273 
040 |a DE-627  |b ger  |c DE-627  |e rakwb 
041 |a ger 
100 1 |a Wallerstedt, John F.  |4 aut 
245 1 0 |a Returning to Prison  |b Special Report November 1984 
264 1 |a Washington  |c 1984 
336 |a Text  |b txt  |2 rdacontent 
337 |a ohne Hilfsmittel zu benutzen  |b n  |2 rdamedia 
338 |a Band  |b nc  |2 rdacarrier 
583 1 |a Archivierung prüfen  |c 20200919  |f DE-640  |z 1  |2 pdager 
710 2 |a Bureau of Justice Statistics  |4 oth 
951 |a BO 
ELC |b 1 
LOK |0 000 xxxxxcx a22 zn 4500 
LOK |0 001 287333844X 
LOK |0 003 DE-627 
LOK |0 004 1522019278 
LOK |0 005 20151116140109 
LOK |0 008 150728||||||||||||||||ger||||||| 
LOK |0 035   |a (DE-21-110)kd15359 
LOK |0 040   |a DE-21-110  |c DE-627  |d DE-21-110 
LOK |0 689   |a s  |a Strafvollzug 
LOK |0 689   |a s  |a Rückfälligkeit 
LOK |0 689   |a s  |a Bewährung 
LOK |0 689   |a s  |a Effektivität 
LOK |0 852   |z Kein Bestand am IfK; Nachweis für KrimDok 
LOK |0 852   |a DE-21-110 
LOK |0 852 1  |9 00 
LOK |0 935   |a k110 
LOK |0 939   |a 28-07-15  |b l01 
ORI |a SA-MARC-krimdoka001.raw